Katalóg veľtrhov a výstav v Slovenskej republike 2006

Saved in:
Bibliographic Details
Other Authors: Pinter, Gejza
Format: Book
Language:Slovak
Published: Bratislava Slovenská obchodná a priemyselná komora 2005
Subjects:
Tags: Add Tag
No Tags, Be the first to tag this record!

MARC

LEADER 00000nam$a2200000$$$4500
001 0038657
005 20240318125624.3
020 |a 80-89105-05-X 
041 0 |a slo 
044 |a SK 
245 1 0 |a Katalóg veľtrhov a výstav v Slovenskej republike 2006  |c zodpovedný redaktor: Gejza Pinter 
264 1 |a Bratislava  |b Slovenská obchodná a priemyselná komora  |c 2005 
300 |a 123 s. 
610 2 0 |a katalógy 
610 2 0 |a veľtrhy 
610 2 0 |a výstavy 
610 2 0 |a organizácie 
610 2 0 |a Slovensko 
610 2 0 |a 2006 
700 1 |a Pinter, Gejza